Fábulas de Esopo ; (Record no. 90182)

MARC details
000 -LEADER
campo de control de longitud fija 01260cam a2200397Ia 4500
001 - NÚMERO DE CONTROL
campo de control 93449
005 - FECHA Y HORA DE LA ÚLTIMA TRANSACCIÓN
campo de control 20230410132922.0
008 - DATOS DE LONGITUD FIJA--INFORMACIÓN GENERAL
campo de control de longitud fija 071116r19779999sp a rb 000 0 spa d
035 ## - NÚMERO DE CONTROL DEL SISTEMA
Número de control de sistema (OCoLC)ocn181395314
040 ## - FUENTE DE CATALOGACIÓN
Centro catalogador/agencia de origen UIA
Lengua de catalogación spa
Centro/agencia transcriptor UIA
020 ## - NÚMERO INTERNACIONAL ESTÁNDAR DEL LIBRO
Número Internacional Estándar del Libro 8424934997
020 ## - NÚMERO INTERNACIONAL ESTÁNDAR DEL LIBRO
Número Internacional Estándar del Libro 9788424934996
035 ## - NÚMERO DE CONTROL DEL SISTEMA
Número de control de sistema (OCoLC)181395314
041 1# - CÓDIGO DE IDIOMA
Código de lengua del texto/banda sonora o título independiente spa
Código de lengua original grc
-- lat
050 14 - SIGNATURA TOPOGRÁFICA DE LA BIBLIOTECA DEL CONGRESO
Número de clasificación B 171
Número de ítem B582 1977
049 ## - FONDOS LOCALES (OCLC)
Biblioteca depositaria GRAL
100 0# - ENTRADA PRINCIPAL--NOMBRE DE PERSONA
Nombre de persona Esopo
130 1# - ENTRADA PRINCIPAL--TÍTULO UNIFORME
Título uniforme Biblioteca Clásica Gredos.
245 10 - MENCIÓN DEL TÍTULO
Título Fábulas de Esopo ;
Resto del título Vida de Esopo ; Fábulas de Babrio /
Mención de responsabilidad, etc. introducción general Carlos García Gual ; traducción y notas de P. Bádenas de la Peña, J. López Facal.
250 ## - MENCION DE EDICION
Mención de edición 1a ed., 3a reimpr.
260 ## - PUBLICACIÓN, DISTRIBUCIÓN, ETC.
Lugar de publicación, distribución, etc. Madrid :
Nombre del editor, distribuidor, etc. Gredos,
Fecha de publicación, distribución, etc. 1977-
300 ## - DESCRIPCIÓN FÍSICA
Extensión 406 p. :
Otras características físicas il. ;
Dimensiones 19 cm.
440 #0 - MENCIÓN DE SERIE/PUNTO DE ACCESO ADICIONAL--TÍTULO
Título Biblioteca clásica Gredos ;
Designación de volumen o secuencia n.6
504 ## - NOTA DE BIBLIOGRAFÍA, ETC.
Nota de bibliografía, etc. Incluye referencias bibliográficas e índice.
650 #0 - PUNTO DE ACCESO ADICIONAL DE MATERIA--TÉRMINO DE MATERIA
Término de materia o nombre geográfico como elemento de entrada Philosophy, Classical.
650 #0 - PUNTO DE ACCESO ADICIONAL DE MATERIA--TÉRMINO DE MATERIA
Término de materia o nombre geográfico como elemento de entrada Philosophy, Ancient.
650 #0 - PUNTO DE ACCESO ADICIONAL DE MATERIA--TÉRMINO DE MATERIA
Término de materia o nombre geográfico como elemento de entrada Philosophers, Ancient
Subdivisión general Biography
700 1# - ENTRADA AGREGADA--NOMBRE PERSONAL
Nombre de persona García Gual, Carlos
700 1# - ENTRADA AGREGADA--NOMBRE PERSONAL
Nombre de persona López Facal, J
700 1# - ENTRADA AGREGADA--NOMBRE PERSONAL
Nombre de persona Bádenas de la Peña, Pedro,
Fechas asociadas al nombre 1947-
740 02 - ENTRADA AGREGADA--TÍTULO RELACIONADO/ANALÍTICO NO CONTROLADO
Título relacionado o analítico no controlado Vida de Esopo.
740 02 - ENTRADA AGREGADA--TÍTULO RELACIONADO/ANALÍTICO NO CONTROLADO
Título relacionado o analítico no controlado Fábulas de Babrio.
942 ## - ELEMENTOS DE ENTRADA SECUNDARIOS (KOHA)
Fuente del sistema de clasificación o colocación Clasificación de Library of Congress
Tipo de ítem Koha
946 ## - PROCESAMIENTO DE INFORMACIÓN LOCAL (OCLC)
a mjcruz
994 ## -
-- C0
-- DRFGD
Holdings
Estatus retirado Estado de pérdida Fuente del sistema de clasificación o colocación Estado de daño No para préstamo Colección Biblioteca de origen Biblioteca actual Ubicación en estantería Fecha de adquisición Serial enumeration / chronology Signatura topográfica completa Código de barras Visto por última vez Copia número Tipo de ítem Koha
    Clasificación de Library of Congress     Humanidades Biblioteca Juan Bosch Biblioteca Juan Bosch Humanidades (4to. Piso) 10/04/2023 n.6 B 171 B582 1977 00000087030 17/11/2018 1